000 00604nam a2200193Ia 4500
001 2629
008 140314s9999 xx 000 0 und d
020 _a0671712837
040 _cPK-LaUMT
082 _a 158.1
_bCOV-F
100 _aCovey, Stephen R.
245 _aFirst things first:
_bto live, to love, to learn, to leave a legacy.
_cCovey, Stephen R.<>Merrill, A. Roger, Jt. Auth.; (Merrill, Rebecca R.
260 _aLondon,UK:
_bSimon and Sons,
_c1994
300 _a360 p.
546 _aEN
650 _aConduct of life
700 _aMerrill, A. Roger, Jt. Auth.; (Merrill, Rebecca R.
942 _cBK
999 _c2921
_d2921